Светостойкий белый пигмент на основе модифицированного оксида циркония; Материалы Менделеевской межвузовской конференции (Томск, 21-22 февраля 1984 г.)

Detaylı Bibliyografya
Parent link:Материалы Менделеевской межвузовской конференции (Томск, 21-22 февраля 1984 г.).— 1984.— С. 133-135
Diğer Yazarlar: Арьянов А. П. Алексей Павлович, Безденежных В. И. Валентин Иванович, Иванов Г. Ф. Геннадий Филиппович, Лакцман И. Н. Ирина Николаевна, Нахалова С. А. Светлана Александровна, Савельев Г. Г. Геннадий Филиппович, Стась Н. Ф. Николай Федорович, Ярославцева С. Д. Софья Дмитриевна, Скворцова Л. С. Людмила Степановна
Özet:Деп. в ОНИИТЭХим, г. Черкассы, 18.09.84, № 919-ХП-84.
Dil:Rusça
Baskı/Yayın Bilgisi: 1984
Konular:
Materyal Türü: MixedMaterials Kitap Bölümü
KOHA link:https://koha.lib.tpu.ru/cgi-bin/koha/opac-detail.pl?biblionumber=594416

MARC

LEADER 00000naa0a2200000 4500
001 594416
005 20250206163857.0
029 0 0 |a SU  |b 919-ХП-84  |f ОНИИТЭХим 
035 |a (RuTPU)RU\TPU\tpu\9563 
035 |a RU\TPU\tpu\9562 
090 |a 594416 
100 |a 20021002d1984 k y0rusy50 ca 
101 0 |a rus 
102 |a RU 
200 1 |a Светостойкий белый пигмент на основе модифицированного оксида циркония  |f А. П. Арьянов [и др.] 
300 |a Деп. в ОНИИТЭХим, г. Черкассы, 18.09.84, № 919-ХП-84. 
463 |t Материалы Менделеевской межвузовской конференции (Томск, 21-22 февраля 1984 г.)  |o секция физической и органической химии  |v С. 133-135  |d 1984 
610 1 |a труды учёных ТПУ 
701 1 |a Арьянов  |b А. П.  |c кандидат технических наук  |c ХТФ  |f 1938-  |g Алексей Павлович  |3 (RuTPU)RU\TPU\pers\5086 
701 1 |a Безденежных  |b В. И.  |c ХТФ  |f 1930-  |g Валентин Иванович  |3 (RuTPU)RU\TPU\pers\6361 
701 1 |a Иванов  |b Г. Ф.  |c кандидат химических наук  |f 1940-  |g Геннадий Филиппович  |3 (RuTPU)RU\TPU\pers\3819 
701 1 |a Лакцман  |b И. Н.  |c кандидат химических наук  |c ХТФ  |f 1942-  |g Ирина Николаевна  |3 (RuTPU)RU\TPU\pers\6363 
701 1 |a Нахалова  |b С. А.  |c ХТФ  |f 1945-  |g Светлана Александровна  |3 (RuTPU)RU\TPU\pers\4016 
701 1 |a Савельев  |b Г. Г.  |c доктор химических наук  |f 1938-  |g Геннадий Филиппович  |3 (RuTPU)RU\TPU\pers\3555 
701 1 |a Стась  |b Н. Ф.  |c кандидат химических наук  |c ХТФ  |f 1938-  |g Николай Федорович  |3 (RuTPU)RU\TPU\pers\3817 
701 1 |a Ярославцева  |b С. Д.  |c ХТФ  |f 1924-  |g Софья Дмитриевна  |3 (RuTPU)RU\TPU\pers\6364 
701 1 |a Скворцова  |b Л. С.  |c ХТФ  |f 1951-  |g Людмила Степановна  |3 (RuTPU)RU\TPU\pers\4040 
801 2 |a RU  |b 63413507  |c 20100225  |g PSBO 
942 |c BK